| Tag |
First Indicator |
Second Indicator |
Subfields |
| LEADER |
00000cam a22000001 4500 |
| 001 |
in00000276321 |
| 005 |
20151010065256.0 |
| 008 |
730327s1965 nyua b 00010 eng |
| 010 |
|
|
|a 65021586
|
| 035 |
|
|
|a (OCoLC)00965449
|
| 035 |
|
|
|9 ABE3317AM
|
| 040 |
|
|
|a DLC
|c DLC
|d TXA
|d UtOrBLW
|
| 049 |
|
|
|a TXAM
|c [450442]
|
| 050 |
0 |
0 |
|a HD38
|b .K44
|
| 082 |
0 |
|
|a 658
|
| 100 |
1 |
|
|a Kepner, Charles Higgins,
|d 1922-
|
| 245 |
1 |
4 |
|a The rational manager ;
|b a systematic approach to problem solving and decision making /
|c [by] Charles H. Kepner [and] Benjamin B. Tregoe. Edited with an introd. by Perrin Stryker.
|
| 264 |
|
1 |
|a New York :
|b McGraw-Hill,
|c [1965]
|
| 264 |
|
4 |
|c ©1965
|
| 300 |
|
|
|a vi, 275 pages :
|b illustrations (part color) ;
|c 21 cm.
|
| 336 |
|
|
|a text
|b txt
|2 rdacontent
|
| 337 |
|
|
|a unmediated
|b n
|2 rdamedia
|
| 338 |
|
|
|a volume
|b nc
|2 rdacarrier
|
| 504 |
|
|
|a "Annotated bibliography": pages 243-252.
|
| 650 |
|
0 |
|a Management.
|
| 650 |
|
0 |
|a Problem solving.
|
| 650 |
|
0 |
|a Decision making.
|
| 700 |
1 |
|
|a Tregoe, Benjamin B.
|
| 999 |
|
|
|a MARS
|
| 999 |
f |
f |
|s 08176d70-24a8-3712-8f9a-bb3c98722557
|i 2a1fbea6-21ce-3af6-a708-5be1ad90166e
|t 0
|
| 952 |
f |
f |
|p normal
|a Texas A&M University
|b College Station
|c Sterling C. Evans Library
|d Evans: Library Stacks
|t 0
|e HD38 .K44
|h Library of Congress classification
|i unmediated -- volume
|m A14816202772
|
| 998 |
f |
f |
|a HD38 .K44
|t 0
|l Evans: Library Stacks
|